[Event "St Veit op 42nd"]
[Site "St Veit"]
[Date "2023.07.11"]
[Round "5"]
[White "Wimmer, Herbert1111"]
[Black "Hinteregger, Arthur"]
[Result "1/2-1/2"]
[WhiteElo "1883"]
[BlackElo "1972"]
[PlyCount "80"]
[EventDate "2023.07.08"]
[EventType "swiss"]
[EventRounds "9"]
[EventCountry "AUT"]
[SourceTitle "CBM 215 Extra"]
[Source "ChessBase"]
[SourceDate "2023.09.30"]
[SourceVersion "1"]
[SourceVersionDate "2023.09.30"]
[SourceQuality "1"]

1. d4 Nf6 2. Bf4 c5 3. dxc5 Na6 4. e3 Nxc5 5. Nc3 Qb6 6. Rb1 g6 7. Nd5 Nxd5 8. Qxd5 Bg7 9. Bc4 0-0 10. Bb3 Qa5+ 11. Qd2 Nxb3 12. axb3 Qa2 13. Qc1 d6 14. Ne2 Qa5+ 15. Qd2 Qxd2+ 16. Kxd2 e5 17. Bg3 Be6 18. Rhd1 Rfd8 19. f3 d5 20. Nc3 Rac8 21. Bf2 a6 22. Ra1 Rc6 23. Ke1 b5 24. Rd2 b4 25. Nd1 Rdc8 26. c3 Rb8 27. e4 dxe4 28. c4 exf3 29. gxf3 f5 30. Ne3 Bh6 31. Rd3 e4 32. fxe4 fxe4 33. Rd4 Bf5 34. Nd5 Re6 35. Ra4 Bg7 36. Rd2 e3 37. Bxe3 Rbe8 38. Kf2 Rf8 39. Bc5 Rf7 40. Rxb4 Be5 1/2-1/2

[Event "St Veit op 42nd"]
[Site "St Veit"]
[Date "2023.07.09"]
[Round "3"]
[White "Staufenberger, Bernd"]
[Black "Hinteregger, Arthur"]
[Result "1-0"]
[WhiteElo "1863"]
[BlackElo "1972"]
[PlyCount "109"]
[EventDate "2023.07.08"]
[EventType "swiss"]
[EventRounds "9"]
[EventCountry "AUT"]
[SourceTitle "CBM 215 Extra"]
[Source "ChessBase"]
[SourceDate "2023.09.30"]
[SourceVersion "1"]
[SourceVersionDate "2023.09.30"]
[SourceQuality "1"]

1. e4 e6 2. c4 c5 3. Nf3 Nc6 4. Nc3 d6 5. d4 cxd4 6. Nxd4 Nf6 7. Be2 Be7 8. Be3 0-0 9. 0-0 Qc7 10. Rc1 Rd8 11. f4 a6 12. Nb3 b6 13. Nd5 Qb7 14. Nxb6 Rb8 15. Bf3 e5 16. f5 Bd7 17. Qd2 Be8 18. g4 Nd7 19. Nd5 Bf8 20. Rf2 Nc5 21. Bxc5 dxc5 22. Na5 Nxa5 23. Qxa5 Bc6 24. g5 Bxd5 25. exd5 Qb4 26. Qxb4 Rxb4 27. Re2 f6 28. gxf6 gxf6 29. Rg2+ Kh8 30. Bh5 Bh6 31. Rcc2 Rg8 32. Bf7 Rg7 33. Be6 Rb6 34. b3 Rd6 35. Kf1 Bf4 36. Rxg7 Kxg7 37. Rg2+ Kh6 38. Rg4 Rd8 39. h3 a5 40. Ke2 Bg5 41. Kd3 Bc1 42. Rg8 Rxg8 43. Bxg8 Kg7 44. d6 Kf8 45. Bxh7 Ke8 46. Ke4 Kd7 47. Kd5 e4 48. Bg6 Bf4 49. Kxc5 e3 50. Bh5 Bxd6+ 51. Kd5 Bg3 52. c5 Kc7 53. a3 Be1 54. Kc4 Bg3 55. Bf3 1-0

[Event "St Veit op 42nd"]
[Site "St Veit"]
[Date "2023.07.08"]
[Round "1"]
[White "Mazi, Leon"]
[Black "Hinteregger, Arthur"]
[Result "1/2-1/2"]
[WhiteElo "2345"]
[BlackElo "1972"]
[PlyCount "86"]
[EventDate "2023.07.08"]
[EventType "swiss"]
[EventRounds "9"]
[EventCountry "AUT"]
[SourceTitle "CBM 215 Extra"]
[Source "ChessBase"]
[SourceDate "2023.09.30"]
[SourceVersion "1"]
[SourceVersionDate "2023.09.30"]
[SourceQuality "1"]

1. e4 e6 2. d4 d5 3. Nd2 Nf6 4. e5 Nfd7 5. f4 c5 6. c3 Nc6 7. Ndf3 cxd4 8. cxd4 Bb4+ 9. Bd2 Qb6 10. Bxb4 Qxb4+ 11. Qd2 Qb6 12. h4 0-0 13. Bd3 f6 14. h5 fxe5 15. fxe5 Nxd4 16. Nxd4 Nxe5 17. Be2 Bd7 18. 0-0-0 Rac8+ 19. Kb1 Rf2 20. Qe3 Qxb2+ 21. Kxb2 Nc4+ 22. Kb1 Nxe3 23. Rd3 Nc4 24. g4 e5 25. Nb3 d4 26. Rd1 Ne3 27. Rd2 Bc6 28. Rh3 Be4+ 29. Kb2 Rg2 30. Nf3 d3 31. Bxd3 Bxd3 32. Rxg2 Nxg2 33. Nxe5 Be4 34. Ka3 Re8 35. Nc4 Bc6 36. Rd3 Nf4 37. Rd4 Nd5 38. Nca5 Nc3 39. Rc4 Nb5+ 40. Kb4 Nd6 41. Rd4 Ne4 42. Nxc6 bxc6 43. Nc5 Nf6 1/2-1/2

[Event "EU-ch Seniors 65 22nd"]
[Site "Acqui Terme"]
[Date "2023.05.27"]
[Round "2"]
[White "Schulz, Michael"]
[Black "Hinteregger, Arthur"]
[Result "1-0"]
[WhiteElo "2215"]
[BlackElo "2000"]
[PlyCount "70"]
[EventDate "2023.05.26"]
[EventType "swiss"]
[EventRounds "9"]
[EventCountry "ITA"]
[SourceTitle "CBM 214 Extra"]
[Source "ChessBase"]
[SourceDate "2023.07.31"]
[SourceVersion "1"]
[SourceVersionDate "2023.07.31"]
[SourceQuality "1"]

1. d4 e6 2. Nf3 f5 3. Bf4 Nf6 4. h3 b6 5. Nbd2 Bb7 6. e3 Be7 7. Bd3 0-0 8. 0-0 Ne4 9. c3 d6 10. a4 a5 11. Qc2 Nxd2 12. Nxd2 d5 13. f3 c5 14. Rae1 Na6 15. Qd1 Qd7 16. Bb5 Bc6 17. Qe2 Nc7 18. Bxc6 Qxc6 19. e4 Bd6 20. Bxd6 Qxd6 21. exd5 exd5 22. Qe7 Qxe7 23. Rxe7 Rf7 24. Rfe1 c4 25. f4 Kf8 26. Rxf7+ Kxf7 27. Nf3 g6 28. Ng5+ Kg8 29. Re7 h6 30. Rxc7 hxg5 31. fxg5 Rb8 32. Rd7 b5 33. Rxd5 bxa4 34. Rxa5 Rxb2 35. Rxa4 Rb6 1-0

[Event "St Veit op 41st"]
[Site "St Veit"]
[Date "2022.07.15"]
[Round "8"]
[White "Ofner, Maximilian"]
[Black "Hinteregger, Arthur"]
[Result "1-0"]
[WhiteElo "2194"]
[BlackElo "1993"]
[PlyCount "95"]
[EventDate "2022.07.09"]
[EventType "swiss"]
[EventRounds "9"]
[EventCountry "AUT"]
[SourceTitle "CBM 209 Extra"]
[Source "ChessBase"]
[SourceDate "2022.09.30"]
[SourceVersion "1"]
[SourceVersionDate "2022.09.30"]
[SourceQuality "1"]

1. e4 e6 2. d4 d5 3. e5 c5 4. c3 Nc6 5. Nf3 Qb6 6. a3 c4 7. Nbd2 Na5 8. Be2 Bd7 9. 0-0 Ne7 10. Re1 h6 11. h4 Qc7 12. Rb1 Nc8 13. Nf1 Nb6 14. Bf4 Ba4 15. Qd2 Nb3 16. Qe3 Na5 17. Bd1 Bb3 18. N3d2 Bxd1 19. Rexd1 0-0-0 20. Bh2 Be7 21. h5 Rdg8 22. f4 g6 23. hxg6 fxg6 24. Qh3 Qd7 25. Ne3 Bd8 26. b3 Be7 27. bxc4 Naxc4 28. Ndxc4 Nxc4 29. Nxc4 dxc4 30. d5 exd5 31. Qxd7+ Kxd7 32. Rxb7+ Ke6 33. a4 Rb8 34. Rdb1 Rxb7 35. Rxb7 Rd8 36. g4 Bc5+ 37. Kg2 h5 38. Rc7 Bb6 39. Rc6+ Kf7 40. gxh5 gxh5 41. f5 d4 42. cxd4 Rxd4 43. Kf3 Ke7 44. Bf4 Kd7 45. Rh6 c3 46. e6+ Kc6 47. e7+ Kd7 48. Re6 1-0

[Event "Bodensee op Seniors 6th"]
[Site "Bregenz"]
[Date "2022.05.27"]
[Round "6"]
[White "Schoenrock, Ruediger"]
[Black "Hinteregger, Arthur"]
[Result "1/2-1/2"]
[WhiteElo "1886"]
[BlackElo "2062"]
[PlyCount "23"]
[EventDate "2022.05.22"]
[EventType "swiss"]
[EventRounds "7"]
[EventCountry "AUT"]
[SourceTitle "CBM 208 Extra"]
[Source "ChessBase"]
[SourceDate "2022.07.31"]
[SourceVersion "1"]
[SourceVersionDate "2022.07.31"]
[SourceQuality "1"]

1. d4 e6 2. Nf3 f5 3. Bg5 Nf6 4. Nbd2 Be7 5. c3 d5 6. e3 0-0 7. Be2 Nbd7 8. 0-0 h6 9. Bxf6 Bxf6 10. c4 c6 11. c5 Qe7 12. b4 1/2-1/2

[Event "Bodensee op Seniors 6th"]
[Site "Bregenz"]
[Date "2022.05.24"]
[Round "3"]
[White "Hinteregger, Arthur"]
[Black "Christen, Pierre"]
[Result "1/2-1/2"]
[WhiteElo "2062"]
[BlackElo "1830"]
[PlyCount "95"]
[EventDate "2022.05.22"]
[EventType "swiss"]
[EventRounds "7"]
[EventCountry "AUT"]
[SourceTitle "CBM 208 Extra"]
[Source "ChessBase"]
[SourceDate "2022.07.31"]
[SourceVersion "1"]
[SourceVersionDate "2022.07.31"]
[SourceQuality "1"]

1. e4 c6 2. d4 d5 3. e5 Bf5 4. Nf3 e6 5. Be2 c5 6. 0-0 Nc6 7. Nbd2 Qc7 8. dxc5 Bxc5 9. Nb3 Bb6 10. Bf4 Nge7 11. Bg3 0-0 12. Bd3 Rac8 13. c3 Bxd3 14. Qxd3 Nf5 15. Rfe1 Nxg3 16. hxg3 f6 17. exf6 Rxf6 18. Nbd4 e5 19. Nb5 Qf7 20. Qd2 Rf8 21. Re2 Bxf2+ 22. Rxf2 e4 23. Raf1 exf3 24. Rxf3 Ne5 25. Rxf6 gxf6 26. Nd6 Qe6 27. Nf5 Ng4 28. Qxd5 Qxd5 29. Ne7+ Kf7 30. Nxd5 Re8 31. Nf4 Rd8 32. Rb1 Rd2 33. Kf1 Ne3+ 34. Ke1 Rc2 35. Ne2 Kg7 36. a4 f5 37. b4 Nd5 38. Rb3 Kf6 39. Kf2 f4 40. g4 Nb6 41. a5 Nc4 42. b5 Kg5 43. Rb4 Ne5 44. Rd4 Nxg4+ 45. Ke1 Ne5 46. Nxf4 Rxc3 47. Ne6+ Kf6 48. Nf4 1/2-1/2

[Event "Bodensee op Seniors 6th"]
[Site "Bregenz"]
[Date "2022.05.22"]
[Round "1"]
[White "Hinteregger, Arthur"]
[Black "Hager, Eberhard"]
[Result "1/2-1/2"]
[WhiteElo "2062"]
[BlackElo "1750"]
[PlyCount "58"]
[EventDate "2022.05.22"]
[EventType "swiss"]
[EventRounds "7"]
[EventCountry "AUT"]
[SourceTitle "CBM 208 Extra"]
[Source "ChessBase"]
[SourceDate "2022.07.31"]
[SourceVersion "1"]
[SourceVersionDate "2022.07.31"]
[SourceQuality "1"]

1. e4 d6 2. d4 Nf6 3. Nc3 c6 4. Nf3 Bg4 5. Be2 e6 6. 0-0 Be7 7. h3 Bh5 8. Re1 0-0 9. a4 a5 10. Bf1 Na6 11. Bf4 Nb4 12. g4 Bg6 13. Nd2 Nd7 14. Nb3 d5 15. Bg2 Bg5 16. Bh2 dxe4 17. Nxe4 Be7 18. c3 Nd5 19. Nbd2 N7f6 20. Nxf6+ Nxf6 21. Qb3 Bd6 22. Bxd6 Qxd6 23. Re5 Nd5 24. Nc4 Qc7 25. Bxd5 exd5 26. Nd2 f6 27. Re3 Rfe8 28. Rae1 Rxe3 29. Rxe3 Re8 1/2-1/2

[Event "Bezirksliga Oberbayern 1819"]
[Site "Bayern"]
[Date "2018.11.11"]
[Round "2.5"]
[White "Reith, Hubert"]
[Black "Hinteregger, Arthur"]
[Result "0-1"]
[WhiteElo "1835"]
[BlackElo "2114"]
[PlyCount "96"]
[EventDate "2018.10.21"]
[EventType "team-tourn"]
[EventRounds "9"]
[EventCountry "GER"]
[SourceTitle "EXT 2022"]
[Source "ChessBase"]
[SourceDate "2021.10.06"]
[SourceVersion "1"]
[SourceVersionDate "2021.10.06"]
[SourceQuality "1"]
[WhiteTeam "Moosburg SC"]
[BlackTeam "Freilassing"]
[WhiteTeamCountry "GER"]
[BlackTeamCountry "GER"]

1. d4 Nf6 2. c4 g6 3. Nc3 Bg7 4. Nf3 0-0 5. Bg5 d6 6. e3 Nbd7 7. Be2 c6 8. 0-0 Qc7 9. Qc2 e5 10. dxe5 dxe5 11. Rac1 Re8 12. b4 a5 13. a3 b6 14. Rfd1 Bb7 15. Nd2 Bf8 16. Rb1 axb4 17. axb4 Re6 18. Nde4 Nxe4 19. Nxe4 f5 20. Rxd7 Qxd7 21. Nf6+ Rxf6 22. Bxf6 Qe6 23. Bh4 h6 24. c5 b5 25. f3 g5 26. Be1 Bc8 27. Bc3 Bg7 28. Qd2 Bd7 29. Bd1 Kf8 30. Bb3 Qe7 31. Rd1 Ke8 32. Kf2 Bf6 33. Ke2 Rd8 34. Qd6 Ra8 35. Bb2 f4 36. e4 Qxd6 37. Rxd6 Ke7 38. Kf2 Rh8 39. g3 Rh7 40. Bg8 Rg7 41. Bb3 h5 42. gxf4 gxf4 43. Bd1 Bh4+ 44. Kf1 Bh3+ 45. Ke2 Rg2+ 46. Kd3 Rxb2 47. Rxc6 Be1 48. Bc2 Bf1# 0-1

[Event "Oberbayern Bezirksliga 1718"]
[Site "Germany"]
[Date "2018.01.21"]
[Round "5.5"]
[White "Flemming, Achim"]
[Black "Hinteregger, Arthur"]
[Result "1-0"]
[WhiteElo "2015"]
[BlackElo "2016"]
[PlyCount "55"]
[EventDate "2017.10.22"]
[EventType "team-tourn"]
[EventRounds "9"]
[EventCountry "GER"]
[SourceTitle "EXT 2019"]
[Source "ChessBase"]
[SourceDate "2018.10.10"]
[SourceVersion "1"]
[SourceVersionDate "2018.10.10"]
[SourceQuality "1"]
[WhiteTeam "Starnberg II"]
[BlackTeam "Freilassing"]
[WhiteTeamCountry "GER"]
[BlackTeamCountry "GER"]

1. e4 e6 2. b3 d5 3. Bb2 Nf6 4. e5 Nfd7 5. Qg4 c5 6. f4 Nc6 7. Nf3 g6 8. Nc3 a6 9. Be2 Bg7 10. h4 b5 11. h5 c4 12. hxg6 hxg6 13. Rxh8+ Bxh8 14. bxc4 bxc4 15. Ba3 Bg7 16. Qh3 Nf8 17. Bd6 Ra7 18. Rb1 Rb7 19. Rxb7 Bxb7 20. g4 Qa5 21. f5 exf5 22. gxf5 gxf5 23. Qxf5 d4 24. Bxc4 f6 25. Qh5+ Kd8 26. Nd5 Ne6 27. Qf7 fxe5 28. Nxe5 1-0

[Event "Neumarkt am Wallersee op 15th"]
[Site "Neumarkt am Wallersee"]
[Date "2016.08.23"]
[Round "4"]
[White "Hinteregger, Arthur"]
[Black "Pruell, Lukas"]
[Result "1/2-1/2"]
[WhiteElo "2168"]
[BlackElo "1945"]
[PlyCount "34"]
[EventDate "2016.08.20"]
[EventType "swiss"]
[EventRounds "9"]
[EventCountry "AUT"]
[SourceTitle "CBM 174 Extra"]
[Source "ChessBase"]
[SourceDate "2016.10.10"]
[SourceVersion "1"]
[SourceVersionDate "2016.10.10"]
[SourceQuality "1"]

1. c4 Nf6 2. Nc3 g6 3. Nf3 Bg7 4. d4 d6 5. e4 0-0 6. Be2 Na6 7. h3 e5 8. Be3 exd4 9. Nxd4 Re8 10. f3 Nh5 11. 0-0 Ng3 12. Re1 Qh4 13. Qd2 Bxh3 14. gxh3 Qxh3 15. Bf1 Qh1+ 16. Kf2 Qh4 17. Kg1 Qh1+ 1/2-1/2

[Event "Neumarkt am Wallersee op 15th"]
[Site "Neumarkt am Wallersee"]
[Date "2016.08.22"]
[Round "3"]
[White "Lederer, Peter"]
[Black "Hinteregger, Arthur"]
[Result "0-1"]
[WhiteElo "1915"]
[BlackElo "2168"]
[PlyCount "64"]
[EventDate "2016.08.20"]
[EventType "swiss"]
[EventRounds "9"]
[EventCountry "AUT"]
[SourceTitle "CBM 174 Extra"]
[Source "ChessBase"]
[SourceDate "2016.10.10"]
[SourceVersion "1"]
[SourceVersionDate "2016.10.10"]
[SourceQuality "1"]

1. c4 g6 2. Nc3 Bg7 3. Nf3 d6 4. e4 Nf6 5. d4 0-0 6. Be2 Nbd7 7. 0-0 e5 8. Bg5 h6 9. dxe5 dxe5 10. Bh4 c6 11. Qd6 Re8 12. Rfd1 Re6 13. Qd2 Qc7 14. Rab1 a5 15. a3 a4 16. Rbc1 Re8 17. h3 Kh7 18. g4 Nc5 19. Qe3 Nfd7 20. Nd2 b6 21. Bd3 Nf8 22. Ne2 Nfe6 23. Bg3 g5 24. Kh2 Nf4 25. Bc2 Be6 26. Rb1 Red8 27. f3 Rd7 28. Nc3 Kg8 29. h4 Bf6 30. h5 Qa7 31. b4 axb3 32. Bxb3 Rd3 0-1

[Event "Neumarkt am Wallersee op 14th"]
[Site "Neumarkt am Wallersee"]
[Date "2015.08.27"]
[Round "6"]
[White "Fleischer, Frank"]
[Black "Hinteregger, Arthur"]
[Result "0-1"]
[WhiteElo "2195"]
[BlackElo "2200"]
[PlyCount "134"]
[EventDate "2015.08.22"]
[EventType "swiss"]
[EventRounds "9"]
[EventCountry "AUT"]
[SourceTitle "EXT 2016"]
[Source "ChessBase"]
[SourceDate "2015.10.08"]
[SourceVersion "1"]
[SourceVersionDate "2015.10.08"]
[SourceQuality "1"]

1. e4 e6 2. d4 d5 3. Nc3 Nf6 4. Bg5 Be7 5. e5 Nfd7 6. h4 a6 7. Qg4 f5 8. Qg3 c5 9. Nf3 Nc6 10. 0-0-0 cxd4 11. Ne2 Nc5 12. Bxe7 Qxe7 13. Nfxd4 Ne4 14. Qf4 Bd7 15. Nxc6 bxc6 16. Qe3 0-0 17. f3 Nc5 18. Rd4 Nb7 19. g4 c5 20. Rd1 fxg4 21. fxg4 Bc6 22. Bg2 Na5 23. Qg3 Rab8 24. Rhf1 Bb5 25. Rxf8+ Rxf8 26. Nc3 Bc6 27. g5 Be8 28. Ne2 Bh5 29. Re1 Bxe2 30. Rxe2 Nc6 31. c3 Qf7 32. Bh3 Nd8 33. Kc2 Qf3 34. Qxf3 Rxf3 35. Bg2 Rf4 36. h5 Rf5 37. g6 Rxh5 38. gxh7+ Kxh7 39. Bxd5 exd5 40. e6 Nxe6 41. Rxe6 Rh6 42. Re7 Rd6 43. b4 cxb4 44. cxb4 Kh6 45. Kd3 g5 46. Kd4 g4 47. Ke5 Rg6 48. Kxd5 g3 49. Re1 Kg5 50. a4 Kf4 51. Kc5 Kf3 52. Rg1 Rg4 53. Ra1 g2 54. Ra3+ Ke4 55. Ra1 g1Q+ 56. Rxg1 Rxg1 57. b5 Rg5+ 58. Kc6 Rg6+ 59. Kc5 a5 60. b6 Rg1 61. Kb5 Kd5 62. Kxa5 Kc6 63. Ka6 Rb1 64. a5 Rb5 65. b7 Rb4 66. Ka7 Rxb7+ 67. Ka8 Re7 0-1

[Event "Neumarkt am Wallersee op 13th"]
[Site "Neumarkt am Wallersee"]
[Date "2014.08.27"]
[Round "5"]
[White "Hinteregger, Arthur"]
[Black "Pruell, Lukas"]
[Result "1-0"]
[WhiteElo "2215"]
[BlackElo "2008"]
[PlyCount "73"]
[EventDate "2014.08.23"]
[EventType "swiss"]
[EventRounds "9"]
[EventCountry "AUT"]
[SourceTitle "EXT 2016"]
[Source "ChessBase"]
[SourceDate "2015.10.08"]
[SourceVersion "1"]
[SourceVersionDate "2015.10.08"]
[SourceQuality "1"]

1. c4 Nf6 2. Nc3 g6 3. d4 Bg7 4. e4 d6 5. Nf3 0-0 6. Be2 Na6 7. 0-0 e5 8. Be3 Ng4 9. Bg5 Qe8 10. h3 h6 11. Bh4 exd4 12. Nxd4 Nf6 13. Bf3 Qe5 14. Nb3 Nd7 15. Bg4 Nb6 16. Be2 Bd7 17. f4 Qe8 18. Bd3 Nb4 19. Be2 Bc6 20. a3 Na6 21. Bd3 Bxc3 22. bxc3 Bxe4 23. f5 Bxd3 24. Qxd3 g5 25. f6 Qe6 26. Qg3 Qe5 27. Qg4 Qe3+ 28. Kh1 Kh7 29. Qf5+ Kh8 30. Rae1 Qxc3 31. Bxg5 Qg3 32. Bxh6 Rg8 33. Bg7+ Rxg7 34. fxg7+ Qxg7 35. Rf4 Qh7 36. Qf6+ Kg8 37. Rg4+ 1-0

[Event "Neumarkt am Wallersee op 13th"]
[Site "Neumarkt am Wallersee"]
[Date "2014.08.25"]
[Round "3"]
[White "Hinteregger, Arthur"]
[Black "Kuess, Mario"]
[Result "1/2-1/2"]
[WhiteElo "2215"]
[BlackElo "2045"]
[PlyCount "37"]
[EventDate "2014.08.23"]
[EventType "swiss"]
[EventRounds "9"]
[EventCountry "AUT"]
[SourceTitle "EXT 2016"]
[Source "ChessBase"]
[SourceDate "2015.10.08"]
[SourceVersion "1"]
[SourceVersionDate "2015.10.08"]
[SourceQuality "1"]

1. c4 f5 2. Nf3 Nf6 3. g3 b6 4. Bg2 Bb7 5. 0-0 e6 6. d4 Be7 7. b3 0-0 8. Bb2 Qe8 9. e3 Qh5 10. Nh4 Bxg2 11. Qxh5 Nxh5 12. Nxg2 g5 13. f3 Nf6 14. h3 a5 15. Nc3 Na6 16. e4 Nh5 17. Kh2 Nb4 18. Ne2 fxe4 19. fxe4 1/2-1/2

[Event "Neumarkt am Wallersee op 12th"]
[Site "Neumarkt am Wallersee"]
[Date "2013.09.01"]
[Round "9"]
[White "Mathe, Gaspar"]
[Black "Hinteregger, Arthur"]
[Result "1-0"]
[WhiteElo "2325"]
[BlackElo "2217"]
[PlyCount "47"]
[EventDate "2013.08.24"]
[EventType "swiss"]
[EventRounds "9"]
[EventCountry "AUT"]
[SourceTitle "CBM 156 Extra"]
[Source "ChessBase"]
[SourceDate "2013.10.22"]
[SourceVersion "1"]
[SourceVersionDate "2013.10.22"]
[SourceQuality "1"]

1. e4 e6 2. d4 d5 3. Nc3 Bb4 4. exd5 exd5 5. Bd3 Qe7+ 6. Nge2 Nf6 7. 0-0 0-0 8. a3 Bxc3 9. Nxc3 c6 10. Re1 Qd6 11. Qf3 Bg4 12. Bf4 Qd7 13. Qg3 Bh5 14. Be5 Bg6 15. Bxf6 gxf6 16. h4 Kh8 17. Qf4 Qd8 18. Re3 Na6 19. Rae1 Nc7 20. Re7 Ne8 21. Qh6 Kg8 22. h5 Be4 23. R1xe4 dxe4 24. Bxe4 1-0

[Event "Neumarkt am Wallersee op 12th"]
[Site "Neumarkt am Wallersee"]
[Date "2013.08.31"]
[Round "8"]
[White "Hinteregger, Arthur"]
[Black "Kuecher, Wolfgang"]
[Result "1/2-1/2"]
[WhiteElo "2217"]
[BlackElo "2094"]
[PlyCount "49"]
[EventDate "2013.08.24"]
[EventType "swiss"]
[EventRounds "9"]
[EventCountry "AUT"]
[SourceTitle "CBM 156 Extra"]
[Source "ChessBase"]
[SourceDate "2013.10.22"]
[SourceVersion "1"]
[SourceVersionDate "2013.10.22"]
[SourceQuality "1"]

1. e4 g6 2. d4 Bg7 3. Nc3 c6 4. Nf3 d5 5. h3 Nh6 6. e5 0-0 7. Be2 f6 8. 0-0 Nf7 9. exf6 Bxf6 10. Bf4 Nd7 11. Qd2 e5 12. dxe5 Ndxe5 13. Rfe1 Nxf3+ 14. Bxf3 Ng5 15. Bg4 Bxg4 16. hxg4 Bxc3 17. bxc3 Ne4 18. Qe3 g5 19. Bg3 Qd7 20. f3 Nxg3 21. Qxg5+ Qg7 22. Qxg7+ Kxg7 23. Kh2 Nf5 24. gxf5 Rxf5 25. Re7+ 1/2-1/2

[Event "Neumarkt am Wallersee op 12th"]
[Site "Neumarkt am Wallersee"]
[Date "2013.08.30"]
[Round "7"]
[White "Sutkovic, Damir"]
[Black "Hinteregger, Arthur"]
[Result "0-1"]
[WhiteElo "2335"]
[BlackElo "2217"]
[PlyCount "96"]
[EventDate "2013.08.24"]
[EventType "swiss"]
[EventRounds "9"]
[EventCountry "AUT"]
[SourceTitle "CBM 156 Extra"]
[Source "ChessBase"]
[SourceDate "2013.10.22"]
[SourceVersion "1"]
[SourceVersionDate "2013.10.22"]
[SourceQuality "1"]

1. d4 Nf6 2. c4 g6 3. Nc3 Bg7 4. e4 d6 5. f3 0-0 6. Be3 c5 7. d5 e6 8. Nge2 exd5 9. cxd5 Re8 10. Ng3 Na6 11. Be2 h5 12. 0-0 Bd7 13. Qd2 Rb8 14. Nb5 Bxb5 15. Bxb5 Re7 16. Bh6 Bh8 17. Bg5 Nc7 18. Bd3 b5 19. b3 Nce8 20. Rae1 Qb6 21. Kh1 a5 22. f4 Rd7 23. e5 dxe5 24. fxe5 Rxd5 25. Bxf6 Nxf6 26. exf6 c4 27. Qh6 cxd3 28. Nf5 Rxf5 29. Rxf5 gxf5 30. Qg5+ Kf8 31. Qh6+ Kg8 32. Re3 Qxf6 33. Rg3+ Qg7 34. Qd6 Rc8 35. h4 Rc3 36. Kh2 Kh7 37. Rxg7+ Bxg7 38. Qd5 Kg6 39. Qxb5 d2 40. Qd5 Bh6 41. Qd6+ f6 42. Qd8 Rc8 43. Qxc8 d1Q 44. Qe8+ Kh7 45. Qf7+ Bg7 46. Qc7 Qd5 47. a3 Qe5+ 48. Qxe5 fxe5 0-1

[Event "Neumarkt am Wallersee op 12th"]
[Site "Neumarkt am Wallersee"]
[Date "2013.08.24"]
[Round "1"]
[White "Hinteregger, Arthur"]
[Black "Burgstaller, Robert"]
[Result "1-0"]
[WhiteElo "2217"]
[BlackElo "1678"]
[PlyCount "43"]
[EventDate "2013.08.24"]
[EventType "swiss"]
[EventRounds "9"]
[EventCountry "AUT"]
[SourceTitle "CBM 156 Extra"]
[Source "ChessBase"]
[SourceDate "2013.10.22"]
[SourceVersion "1"]
[SourceVersionDate "2013.10.22"]
[SourceQuality "1"]

1. e4 e5 2. Nf3 Nc6 3. Bb5 a6 4. Ba4 Nf6 5. Qe2 d6 6. c3 Be7 7. 0-0 b5 8. Bc2 Bg4 9. h3 Bh5 10. Rd1 Qc8 11. a4 Rb8 12. axb5 axb5 13. d4 Nd8 14. Nbd2 c6 15. Nf1 0-0 16. Ng3 Bg6 17. dxe5 dxe5 18. Nxe5 Ne6 19. f4 Qc7 20. Kh2 Bd6 21. Nxg6 hxg6 22. e5 1-0

[Event "Neumarkt am Wallersee op 11th"]
[Site "Neumarkt am Wallersee"]
[Date "2012.08.30"]
[Round "6"]
[White "Hinteregger, Arthur"]
[Black "Stadler, Alexander"]
[Result "1-0"]
[WhiteElo "2217"]
[BlackElo "2035"]
[PlyCount "109"]
[EventDate "2012.08.26"]
[EventType "swiss"]
[EventRounds "9"]
[EventCountry "AUT"]
[SourceTitle "EXT 2013"]
[Source "ChessBase"]
[SourceDate "2012.11.22"]
[SourceVersion "1"]
[SourceVersionDate "2012.11.22"]
[SourceQuality "1"]

1. e4 c5 2. Nc3 e6 3. Nf3 Nf6 4. d3 Nc6 5. g3 Be7 6. Bg2 d5 7. Qe2 0-0 8. e5 Nd7 9. 0-0 f6 10. exf6 Nxf6 11. Bf4 d4 12. Ne4 Nd5 13. Bd2 Bd7 14. c4 Nc7 15. Bf4 e5 16. Nxe5 Nxe5 17. Bxe5 Bc6 18. Qg4 Ne8 19. f4 Bd7 20. Qh5 Qb6 21. b3 Rf5 22. Qe2 Qg6 23. Rae1 h5 24. h4 Bc6 25. Ng5 Bxg5 26. hxg5 Bxg2 27. Qxg2 Rf7 28. Qe4 Qa6 29. Qd5 Rc8 30. f5 Qc6 31. Qe4 Qxe4 32. Rxe4 g6 33. fxg6 Rxf1+ 34. Kxf1 Rc6 35. Bb8 Kf8 36. Bxa7 b6 37. Bb8 Rxg6 38. Bf4 Nd6 39. Bxd6+ Rxd6 40. Kg2 Kf7 41. Kh3 Rd8 42. Kh4 Ra8 43. a4 Rd8 44. Rf4+ Kg7 45. Rf6 Re8 46. Rxb6 Re2 47. Kxh5 Rh2+ 48. Kg4 Rd2 49. Kf5 Rxd3 50. Rb7+ Kf8 51. a5 Rf3+ 52. Kg4 Re3 53. a6 d3 54. a7 d2 55. Rd7 1-0